Książeta i Królowie Polscy (Piastowie 966-1138) - Statystyki

Ogólne statystyki
  • Ten quiz został rozwiązany 34 razy
  • Średni wynik to 11 z 14
Statystyki odpowiedzi
Hint Odpowiedź % Poprawnych
966-992 Mieszko I
100%
992-1025 Bolesław I Chrobry
90%
1092-1102 (Śląsk i Małopolska) Bolesław III Krzywousty
80%
1102-1107 (Śląsk i Małopolska) Bolesław III Krzywousty
80%
1107-1138 Bolesław III Krzywousty
80%
1025-1031 Mieszko II Lambert
80%
1032-1034 Mieszko II Lambert
80%
1031-1032 Bezprym
77%
1058-1079 Bolesław II Szczodry
73%
1034-1058 Kazimierz I Odnowiciel
73%
1079-1098 Władysław I Herman
70%
1092-1102 (Mazowsze) Władysław I Herman
70%
1092-1102 (Wielkopolska) Zbigniew
70%
1102-1107 (Wielkopolska i Mazowsze) Zbigniew
70%
Nie znaleziono quizów pasujących do podanych kryteriów
Rozkład punktacji
Procent ludzi z każdym wynikiem
Percentyl według liczby udzielonych odpowiedzi
Twoja historia wyników
Nie rozwiązałeś tego quizu